000 00739nam a22002177a 4500
999 _c20390
_d20390
005 20190226163050.0
008 190226b xxu||||| |||| 00| 0 spa d
040 _aCO-BoIAVH
_cCO-BoIAVH
041 _aspa
044 _amx
090 _aFG
_b0294
100 _aEk del Val Gortari
245 _aGuía de Mariposas:
_bReserva de la biosfera, mariposa monarca
260 _aMéxico:
_bComisión Nacional de Áreas Naturales Protegidas.(CONANP)
_c2016.
300 _aplegable
_c21x10cm
490 _aSerie de Guías de campo, reserva de la biosfera mariposa monarca, México natura,(IIES-MBF-UMSNH-CONABIO-CONANP
650 0 _aMariposas
650 0 _aInsectos
650 0 _aBiodiversidad
942 _2z
_cFolleto